Statistiques concernant Ministres du gouvernement de Jean-Pierre Raffarin III

Cliquez ici pour prendre le quiz!

Statistiques générales

  • Ce quiz a été pris 63 fois
  • Le résultat moyen est 8 sur 17

Statistiques - réponses

HintRéponse% Correct
Premier ministreJean-Pierre Raffarin
98%
Ministre d'État, ministre de l'Économie, des Finances et de l'IndustrieNicolas Sarkozy
96%
Ministre de l'Intérieur, de la Sécurité intérieure et des Libertés localesDominique de Villepin
88%
Ministre de la DéfenseMichèle Alliot-Marie
81%
Ministre de l'Éducation nationale, de l'Enseignement supérieur et de la RechercheFrançois Fillon
73%
Ministre de l'Emploi, du Travail et de la Cohésion socialeJean-Louis Borloo
50%
Ministre de la Santé, de la Famille et de la SolidaritéPhilippe Douste-Blazy
48%
Garde des Sceaux, ministre de la JusticeDominique Perben
40%
Ministre de la Jeunesse, des Sports et de la Vie associativeJean-François Lamour
40%
Ministre des Affaires étrangèresMichel Barnier
33%
Ministre de la Culture et de la CommunicationRenaud Donnedieu de Vabres
23%
Ministre de l'Équipement, des Transports, de l'Aménagement du territoire, du Tourisme et de la MerGilles de Robien
21%
Ministre de l'Outre-MerBrigitte Girardin
19%
Ministre de l'Alimentation, de l'Agriculture et de la PêcheDominique Bussereau
17%
Ministre de la Parité et de l'Égalité professionnelleNicole Ameline
15%
Ministre de la Fonction publique et de la Réforme de l'ÉtatRenaud Dutreil
10%
Ministre de l'Écologie et du Développement durableSerge Lepeltier
10%

Distribution des résultats

Percentile par nombre de réponses

% des personnes avec chaque résultat

Votre développement - résultats

Vous n’avez pas pris ce quiz